Engineering encyclopedia (Record no. 27049)

MARC details
000 -LEADER
fixed length control field 00329nam a2200133Ia 4500
082 ## - DEWEY DECIMAL CLASSIFICATION NUMBER
Classification number 62(031)
Item number JON
245 #0 - TITLE STATEMENT
Title Engineering encyclopedia
250 ## - EDITION STATEMENT
Edition statement Ed.3
260 ## - PUBLICATION, DISTRIBUTION, ETC. (IMPRINT)
Place of publication New York
Name of publisher Industrial
Year of publication 1963
700 ## - ADDED ENTRY--PERSONAL NAME
Personal name Jones, Franklin D
700 ## - ADDED ENTRY--PERSONAL NAME
Personal name Schubert, Paul B
942 ## - ADDED ENTRY ELEMENTS (KOHA)
Koha item type Books
Holdings
Withdrawn status Lost status Damaged status Not for loan Home library Current library Date acquired Cost, normal purchase price Full call number Accession Number Koha item type
        RRII Library RRII Library 16/12/2021 25.00 62(031) JON 07680 Books